000
00311nam a22001457a 4500
008
210305b ||||| |||| 00| 0 eng d
020
_a
032191225
041
_a
eng
080
_a
51
082
_2
51
100
_a
37
101
_a
MAT
245
_a
Essentials of College Algebra
_c
Pearson
942
_2
udc
_c
BK
999
_c
55806
_d
55806